=LDR 00000nam 2200000 4500 =001 INLIS000000000039808 =005 20250115032344 =035 ##$$a 0010-061300000039808 =008 250115################g##########0#eng## =041 ##$$a Ind =082 ##$$a 515 =090 ##$$a 515, Eva c.2 =100 ##$$a Evans,C.W =245 1#$$a Engineering Mathematics /$c C.W Evans =300 ##$$a 786 hlm : $b Ilus ; $c 25 x 20 Cm =850 ##$$a NBPNMAT =020 ##$$a 0-7487-4080-5 =084 ##$$a 515 EVA e =260 ##$$a United kingdom :$b Stanley thornes,$c 1998 =990 ##$$a 00084998 =990 ##$$a 00084998 =990 ##$$a 00084998